Revealing the Corporation / (Record no. 615559)

MARC details
000 -LEADER
fixed length control field 01630nam a2200181Ia 4500
008 - FIXED-LENGTH DATA ELEMENTS--GENERAL INFORMATION
fixed length control field 260225s9999 xx 000 0 und d
020 ## - INTERNATIONAL STANDARD BOOK NUMBER
ISBN 9780415284202
082 ## - DEWEY DECIMAL CLASSIFICATION NUMBER
Classification number 338.74
Item number BAL
100 ## - MAIN ENTRY--AUTHOR NAME
Personal name Balmer, John M. T.
245 #0 - TITLE STATEMENT
Title Revealing the Corporation /
Statement of responsibility, etc Balmer, John M. T.; Greyser, Stephen A.
260 ## - PUBLICATION, DISTRIBUTION, ETC. (IMPRINT)
Name of publisher Psychology Press,
Year of publication 2003
300 ## - PHYSICAL DESCRIPTION
Number of Pages 365 pages
520 ## - SUMMARY, ETC.
Summary, etc An international and multidisciplinary collection, edited by pioneers in the field, this work captures the quintessence of the corporation and its many inner and outer manifestations, presenting readers with a new approach to the subject area. Fully revised and updated with the original contributions contextualized by the editors' analyses and commentary to draw them together into a coherent whole, this anthology affords readers a new way of comprehending organizations. This new edition features a new introductory section to branding and public relations, contextualizing the rest of the volume new case vignettes for each section with enhanced pedagogy to enable reader reflection on the themes examined new readings and an updated Harvard style case study revised and updated commentary and analysis from the editors Filled with illuminating articles that stem from the 1950s to the present day, highlighting both practitioner and scholarly perspectives on the subject, this reader is an essential text for all students of marketing, reputation, business and corporate strategy, public relations, communications and branding.
650 ## - SUBJECT ADDED ENTRY--TOPICAL TERM
Topical Term Business & Economics
700 ## - ADDED ENTRY--PERSONAL NAME
Personal name Greyser, Stephen A.
942 ## - ADDED ENTRY ELEMENTS (KOHA)
Koha item type English Books
Holdings
Withdrawn status Lost status Damaged status Not for loan Home library Current library Shelving location Date acquired Full call number Accession Number Price effective from Koha item type
        Anna Centenary Library Anna Centenary Library 4TH FLOOR, A WING 25.02.2026 338.74 BAL 176858 25.02.2026 English Books

Find us on the map